Districts of West Bengal Map Quiz - Statistics

General Stats
  • This quiz has been taken 1,993 times
  • The average score is 13 of 23
Answers on the Map
Answers color-coded by a green-red scale on the quiz's map according to % correct below.
 
Answer Stats
Answer % Correct
Darjeeling
78%
Cooch Behar
71%
Dakhin Dinajpur
69%
Malda
69%
Murshidabad
67%
Jalpaiguri
65%
Utter Dinajpur
64%
Nadia
63%
Kolkata
60%
Purulia
60%
Birbhum
58%
North 24 Parganas
56%
South 24 Parganas
56%
Bankura
54%
Hoogly
54%
Howrah
53%
Purbo Burdwan
49%
Alipurduar
46%
Purbo Medinipur
46%
Kalimpong
44%
Paschim Medinipur
44%
Jhargram
40%
Paschim Burdwan
38%
No matching quizzes found
Score Distribution
Percent of People with Each Score
Percentile by Number Answered
Your Score History
You have not taken this quiz